000 00381nam a2200145Ia 4500
008 240624s9999 xx 000 0 und d
041 _aeng
082 _a300.72 MAR
100 _aMARSHALL CATHERINE
245 _aDESIGNING QUALITATIVE RESEARCH
250 _a(5th ed.)
260 _c2011
_aLos Angeles
_bSage Publications
300 _axxii, : 321 : p. : cm. ; 22
365 _c
_b25
999 _c15576
_d15576